[Event "Team Championship (men rapid)"]
[Site "Sochi"]
[Date "2017.10.03"]
[Round "4.19"]
[White "Demidov, Mikhail"]
[Black "Slavin, Alexey"]
[Result "1/2-1/2"]
[LiveChessVersion "1.4.8"]
[BlackElo "2357"]
[WhiteElo "2605"]

1. Nf3 {[%clk 0:15:17]} c5 {[%clk 0:15:16]} 2. g3 {[%clk 0:15:25]} Nc6
{[%clk 0:15:24]} 3. Bg2 {[%clk 0:15:34]} g6 {[%clk 0:15:32]} 4. O-O
{[%clk 0:15:41]} Bg7 {[%clk 0:15:41]} 5. c3 {[%clk 0:15:50]} d5 {[%clk 0:15:39]}
6. d4 {[%clk 0:15:58]} cxd4 {[%clk 0:15:42]} 7. cxd4 {[%clk 0:16:04]} Nf6
{[%clk 0:15:49]} 8. Nc3 {[%clk 0:15:59]} Ne4 {[%clk 0:14:55]} 9. Qb3
{[%clk 0:14:59]} Nxc3 {[%clk 0:14:54]} 10. bxc3 {[%clk 0:14:52]} O-O
{[%clk 0:14:43]} 11. Ne5 {[%clk 0:14:40]} Nxe5 {[%clk 0:14:13]} 12. dxe5
{[%clk 0:14:48]} Bxe5 {[%clk 0:13:52]} 13. Bxd5 {[%clk 0:14:33]} Qc7
{[%clk 0:11:15]} 14. Bh6 {[%clk 0:14:05]} Bg7 {[%clk 0:11:17]} 15. Bxg7
{[%clk 0:13:28]} Kxg7 {[%clk 0:11:26]} 16. Rab1 {[%clk 0:13:19]} Rb8
{[%clk 0:11:06]} 17. c4 {[%clk 0:12:59]} b6 {[%clk 0:10:19]} 18. Qc3+
{[%clk 0:13:00]} Kg8 {[%clk 0:10:08]} 19. Rbc1 {[%clk 0:11:26]} e6
{[%clk 0:09:23]} 20. Bf3 {[%clk 0:11:30]} Bb7 {[%clk 0:06:57]} 21. h4
{[%clk 0:11:12]} h5 {[%clk 0:06:36]} 22. Qf6 {[%clk 0:11:02]} Bxf3
{[%clk 0:06:41]} 23. exf3 {[%clk 0:11:10]} Qd8 {[%clk 0:06:34]} 24. Qe5
{[%clk 0:11:17]} Qd2 {[%clk 0:06:01]} 25. a4 {[%clk 0:09:15]} Rbd8
{[%clk 0:04:25]} 26. Kg2 {[%clk 0:08:22]} Qd4 {[%clk 0:04:18]} 27. Qb5
{[%clk 0:08:13]} Rc8 {[%clk 0:03:20]} 28. Rfd1 {[%clk 0:08:01]} Qc5
{[%clk 0:03:27]} 29. Qb2 {[%clk 0:07:50]} Rfd8 {[%clk 0:03:30]} 30. Qf6
{[%clk 0:07:43]} Qc7 {[%clk 0:03:17]} 31. Re1 {[%clk 0:06:22]} Rd7
{[%clk 0:03:22]} 32. Qb2 {[%clk 0:04:35]} Qd8 {[%clk 0:03:26]} 33. Rc2
{[%clk 0:04:36]} Rc5 {[%clk 0:03:32]} 34. Re5 {[%clk 0:04:04]} Qc7
{[%clk 0:03:08]} 35. Re4 {[%clk 0:03:02]} Qd8 {[%clk 0:03:09]} 36. Re5
{[%clk 0:02:48]} Qc7 {[%clk 0:03:17]} 37. Re4 {[%clk 0:02:55]} Qd8
{[%clk 0:03:25]} 38. Rce2 {[%clk 0:02:51]} Rd6 {[%clk 0:03:22]} 39. Rf4
{[%clk 0:02:56]} Rd7 {[%clk 0:02:50]} 40. Qc2 {[%clk 0:02:29]} Rd4
{[%clk 0:02:34]} 41. Rxd4 {[%clk 0:02:15]} Qxd4 {[%clk 0:02:43]} 42. Re4
{[%clk 0:02:24]} Qd7 {[%clk 0:02:20]} 43. Re1 {[%clk 0:01:41]} Qc7
{[%clk 0:02:16]} 44. Re4 {[%clk 0:01:35]} Qd7 {[%clk 0:02:18]} 45. Re1
{[%clk 0:01:41]} Qc7 {[%clk 0:02:26]} 46. Re4 {[%clk 0:01:46]} Qd7
{[%clk 0:02:33]} 47. Re1 {[%clk 0:01:32]} Ra5 {[%clk 0:02:23]} 48. Rd1
{[%clk 0:01:30]} Qxa4 {[%clk 0:02:27]} 49. Rd8+ {[%clk 0:01:39]} Kg7
{[%clk 0:02:33]} 50. Qe4 {[%clk 0:01:22]} Qb4 {[%clk 0:01:46]} 51. Qa8
{[%clk 0:01:20]} Qe7 {[%clk 0:01:28]} 52. Rg8+ {[%clk 0:01:14]} Kf6
{[%clk 0:01:13]} 53. Re8 {[%clk 0:01:07]} Qd7 {[%clk 0:01:18]} 54. Rd8
{[%clk 0:01:11]} Qe7 {[%clk 0:01:24]} 55. Re8 {[%clk 0:01:20]} Ke5 1/2-1/2

[Event "Team Championship (men rapid)"]
[Site "Sochi"]
[Date "2017.10.03"]
[Round "4.20"]
[White "Barskij, Vladimir"]
[Black "Lugovskoy, Maxim"]
[Result "0-1"]
[WhiteElo "2387"]
[BlackElo "2507"]
[PlyCount "42"]
[EventDate "2017.??.??"]
[TimeControl "1200+210"]
[WhiteClock "0:00:54"]
[BlackClock "0:11:33"]

1. e4 e6 2. Nf3 d5 3. Nc3 Nf6 4. e5 Nfd7 5. d4 c5 6. dxc5 Be7 7. Bf4 O-O 8. Qd2
Nxc5 9. Be2 b6 10. O-O Ba6 11. Bxa6 Nbxa6 12. a3 Rc8 13. b4 Nd7 14. Nb5 Rc4 15.
Nxa7 Nc7 16. b5 Qa8 17. Nc6 Bc5 18. Bh6 Qa4 19. Bxg7 (19. Qg5 Rg4 20. Ne7+ Bxe7
21. Qxe7 gxh6 22. h3 Rc4 23. Qxd7 Nxb5 24. Rfb1) 19... Kxg7 20. Qg5+ Kh8 21.
Qh6 Qxc2 0-1

[Event "Team Championship (men rapid)"]
[Site "Sochi"]
[Date "2017.10.03"]
[Round "4.21"]
[White "Tekeyev, Zaur"]
[Black "Rakhmanov, Aleksandr"]
[Result "0-1"]
[LiveChessVersion "1.4.8"]
[BlackElo "2591"]
[WhiteElo "2362"]

1. e4 {[%clk 0:15:19]} c5 {[%clk 0:15:19]} 2. Nf3 {[%clk 0:15:27]} Nf6
{[%clk 0:15:27]} 3. e5 {[%clk 0:15:32]} Nd5 {[%clk 0:15:36]} 4. Nc3
{[%clk 0:15:40]} Nxc3 {[%clk 0:15:44]} 5. dxc3 {[%clk 0:15:49]} Nc6
{[%clk 0:15:53]} 6. Bf4 {[%clk 0:15:51]} Qb6 {[%clk 0:16:01]} 7. b3
{[%clk 0:15:43]} Qc7 {[%clk 0:16:10]} 8. Bc4 {[%clk 0:15:44]} e6 {[%clk 0:16:15]}
9. h4 {[%clk 0:15:33]} h6 {[%clk 0:16:24]} 10. Qe2 {[%clk 0:14:52]} b6
{[%clk 0:16:21]} 11. h5 {[%clk 0:14:50]} Bb7 {[%clk 0:16:28]} 12. O-O-O
{[%clk 0:14:56]} a6 {[%clk 0:16:36]} 13. Kb1 {[%clk 0:13:30]} b5 {[%clk 0:16:44]}
14. Bd3 {[%clk 0:13:38]} c4 {[%clk 0:16:49]} 15. Be4 {[%clk 0:13:22]} Ne7
{[%clk 0:15:25]} 16. Nd2 {[%clk 0:09:37]} Rc8 {[%clk 0:14:27]} 17. Rh3
{[%clk 0:08:51]} a5 {[%clk 0:13:35]} 18. Rg3 {[%clk 0:07:20]} Bd5
{[%clk 0:10:59]} 19. Qf3 {[%clk 0:05:44]} Qc6 {[%clk 0:09:38]} 20. Kb2
{[%clk 0:01:35]} Bxe4 {[%clk 0:09:12]} 21. Nxe4 {[%clk 0:01:38]} Nd5
{[%clk 0:09:12]} 22. Rd4 {[%clk 0:01:33]} cxb3 {[%clk 0:07:50]} 23. cxb3
{[%clk 0:01:37]} a4 {[%clk 0:07:43]} 24. Nd6+ {[%clk 0:00:37]} Bxd6
{[%clk 0:07:37]} 25. exd6 {[%clk 0:00:46]} axb3 {[%clk 0:02:49]} 26. axb3
{[%clk 0:00:55]} Ra8 {[%clk 0:02:57]} 27. Rxd5 {[%clk 0:00:59]} exd5
{[%clk 0:01:41]} 28. Rxg7 {[%clk 0:00:19]} Kd8 {[%clk 0:01:50]} 29. Rxf7
{[%clk 0:00:17]} Kc8 {[%clk 0:02:00]} 30. Be5 {[%clk 0:00:16]} Re8
{[%clk 0:01:06]} 31. Qf5 {[%clk 0:00:24]} b4 {[%clk 0:00:45]} 32. cxb4
{[%clk 0:00:24]} d4 {[%clk 0:00:54]} 33. Kb1 {[%clk 0:00:13]} d3 {[%clk 0:00:29]}
34. Rf8 {[%clk 0:00:12]} 0-1

[Event "Team Championship (men rapid)"]
[Site "Sochi"]
[Date "2017.10.03"]
[Round "4.22"]
[White "Rozum, Ivan"]
[Black "Nechaev, Oleg"]
[Result "1-0"]
[LiveChessVersion "1.4.8"]
[BlackElo "2361"]
[WhiteElo "2592"]

1. d4 {[%clk 0:15:18]} Nf6 {[%clk 0:15:18]} 2. c4 {[%clk 0:15:26]} c5
{[%clk 0:15:26]} 3. d5 {[%clk 0:15:30]} b5 {[%clk 0:15:35]} 4. cxb5
{[%clk 0:15:39]} a6 {[%clk 0:15:44]} 5. bxa6 {[%clk 0:15:47]} g6 {[%clk 0:15:52]}
6. Nc3 {[%clk 0:15:55]} Bg7 {[%clk 0:15:56]} 7. Nf3 {[%clk 0:15:59]} O-O
{[%clk 0:15:58]} 8. a7 {[%clk 0:16:05]} Rxa7 {[%clk 0:16:07]} 9. e4
{[%clk 0:16:13]} d6 {[%clk 0:16:14]} 10. Be2 {[%clk 0:16:14]} Ba6
{[%clk 0:16:22]} 11. O-O {[%clk 0:16:20]} Qb6 {[%clk 0:16:24]} 12. a4
{[%clk 0:16:20]} Bxe2 {[%clk 0:16:20]} 13. Qxe2 {[%clk 0:16:29]} Qa6
{[%clk 0:15:16]} 14. Nb5 {[%clk 0:15:54]} Nbd7 {[%clk 0:15:24]} 15. Nd2
{[%clk 0:13:10]} Rb8 {[%clk 0:15:22]} 16. Ra3 {[%clk 0:12:59]} Ne8
{[%clk 0:15:21]} 17. Nc4 {[%clk 0:12:48]} Rab7 {[%clk 0:14:17]} 18. Bd2
{[%clk 0:11:01]} Bxb2 {[%clk 0:12:33]} 19. Nxb2 {[%clk 0:10:19]} Rxb5
{[%clk 0:12:32]} 20. Rb3 {[%clk 0:07:58]} R5b6 {[%clk 0:12:09]} 21. Qxa6
{[%clk 0:08:07]} Rxa6 {[%clk 0:12:17]} 22. Rxb8 {[%clk 0:08:15]} Nxb8
{[%clk 0:12:26]} 23. a5 {[%clk 0:08:24]} Nf6 {[%clk 0:11:55]} 24. f3
{[%clk 0:08:24]} e6 {[%clk 0:11:04]} 25. Bc3 {[%clk 0:08:10]} Nbd7
{[%clk 0:11:06]} 26. Rd1 {[%clk 0:07:10]} exd5 {[%clk 0:10:26]} 27. exd5
{[%clk 0:07:19]} Ne8 {[%clk 0:08:09]} 28. Nc4 {[%clk 0:06:52]} Nc7
{[%clk 0:08:17]} 29. Be1 {[%clk 0:06:06]} f6 {[%clk 0:08:05]} 30. Bg3
{[%clk 0:06:03]} Ne5 {[%clk 0:08:10]} 31. Bxe5 {[%clk 0:05:53]} fxe5
{[%clk 0:08:19]} 32. Rb1 {[%clk 0:05:34]} Nxd5 {[%clk 0:08:12]} 33. Rd1
{[%clk 0:05:42]} Nb4 {[%clk 0:07:55]} 34. Rxd6 {[%clk 0:05:38]} Rxd6
{[%clk 0:08:04]} 35. Nxd6 {[%clk 0:05:47]} Kg7 {[%clk 0:07:50]} 36. Kf2
{[%clk 0:05:29]} Kf8 {[%clk 0:06:03]} 37. Ke3 {[%clk 0:04:22]} Ke7
{[%clk 0:06:06]} 38. Nc4 {[%clk 0:04:30]} Ke6 {[%clk 0:05:00]} 39. Ke4
{[%clk 0:04:37]} Nd5 {[%clk 0:05:06]} 40. a6 {[%clk 0:04:30]} Nc3+
{[%clk 0:05:14]} 41. Kd3 {[%clk 0:04:37]} Nb5 {[%clk 0:05:22]} 42. Na3
{[%clk 0:02:27]} Nc7 {[%clk 0:04:40]} 43. a7 {[%clk 0:02:36]} Kd5
{[%clk 0:04:49]} 44. Nc4 {[%clk 0:02:25]} Na8 {[%clk 0:04:32]} 45. h4
{[%clk 0:02:34]} Kc6 {[%clk 0:03:57]} 46. Nxe5+ {[%clk 0:02:42]} Kb5
{[%clk 0:03:06]} 47. Nd7 {[%clk 0:02:42]} Kb4 {[%clk 0:03:02]} 48. g4
{[%clk 0:02:27]} Kb5 {[%clk 0:02:17]} 49. f4 {[%clk 0:02:26]} Nc7
{[%clk 0:01:45]} 50. Nf8 {[%clk 0:02:10]} Kb4 {[%clk 0:01:29]} 51. Ne6
{[%clk 0:02:06]} c4+ {[%clk 0:00:26]} 52. Kc2 {[%clk 0:02:15]} Nxe6
{[%clk 0:00:24]} 53. a8=Q {[%clk 0:02:22]} Nd4+ {[%clk 0:00:33]} 54. Kb1
{[%clk 0:02:26]} c3 {[%clk 0:00:29]} 55. Qd5 {[%clk 0:02:29]} Nb5
{[%clk 0:00:11]} 56. f5 {[%clk 0:02:33]} gxf5 {[%clk 0:00:20]} 57. gxf5
{[%clk 0:02:42]} Na3+ {[%clk 0:00:13]} 58. Kc1 {[%clk 0:02:50]} 1-0

[Event "Team Championship (men rapid)"]
[Site "Sochi"]
[Date "2017.10.03"]
[Round "4.23"]
[White "Rozhko, Dmitry"]
[Black "Moiseenko, Vadim"]
[Result "1/2-1/2"]
[LiveChessVersion "1.4.8"]
[BlackElo "2540"]
[WhiteElo "2250"]

1. e4 {[%clk 0:15:18]} c5 {[%clk 0:15:15]} 2. c3 {[%clk 0:15:27]} d5
{[%clk 0:15:05]} 3. exd5 {[%clk 0:15:36]} Qxd5 {[%clk 0:15:14]} 4. d4
{[%clk 0:15:44]} Nc6 {[%clk 0:15:22]} 5. Nf3 {[%clk 0:15:53]} cxd4
{[%clk 0:15:30]} 6. cxd4 {[%clk 0:15:59]} e5 {[%clk 0:15:38]} 7. Nc3
{[%clk 0:16:04]} Bb4 {[%clk 0:15:47]} 8. Be2 {[%clk 0:15:16]} exd4
{[%clk 0:15:29]} 9. O-O {[%clk 0:14:48]} Qd8 {[%clk 0:14:52]} 10. Nb5
{[%clk 0:13:59]} Nge7 {[%clk 0:14:47]} 11. Nbxd4 {[%clk 0:13:43]} O-O
{[%clk 0:14:51]} 12. Nxc6 {[%clk 0:13:13]} Nxc6 {[%clk 0:14:59]} 13. Be3
{[%clk 0:13:00]} Be6 {[%clk 0:13:38]} 14. Nd4 {[%clk 0:12:42]} Nxd4
{[%clk 0:13:28]} 15. Qxd4 {[%clk 0:12:37]} Qe7 {[%clk 0:13:02]} 16. a3
{[%clk 0:12:36]} Bd6 {[%clk 0:12:53]} 17. Bf3 {[%clk 0:12:01]} Rfd8
{[%clk 0:12:05]} 18. Qe4 {[%clk 0:12:09]} Rd7 {[%clk 0:11:41]} 19. Rfd1
{[%clk 0:11:08]} a6 {[%clk 0:11:37]} 20. Bf4 {[%clk 0:10:06]} Bxf4
{[%clk 0:09:40]} 21. Qxf4 {[%clk 0:10:05]} Rad8 {[%clk 0:09:12]} 22. Rxd7
{[%clk 0:10:10]} Qxd7 {[%clk 0:09:21]} 23. h3 Qe7 {[%clk 0:08:23]} 24. Rc1
{[%clk 0:09:07]} b5 {[%clk 0:07:28]} 25. Rc7 {[%clk 0:08:43]} Qd6
{[%clk 0:06:48]} 26. Qxd6 Rxd6 27. Rc6 {[%clk 0:08:19]} Rxc6 {[%clk 0:06:39]} 28.
Bxc6 {[%clk 0:08:28]} Kf8 {[%clk 0:06:11]} 29. f4 {[%clk 0:05:44]} Ke7
{[%clk 0:06:16]} 30. Kf2 {[%clk 0:05:52]} Kd6 {[%clk 0:06:22]} 31. Bb7
{[%clk 0:03:19]} a5 {[%clk 0:04:56]} 32. Be4 {[%clk 0:03:08]} h6 33. b4 axb4 34.
axb4 Bd5 {[%clk 0:02:56]} 35. Ke3 {[%clk 0:03:26]} Bxe4 {[%clk 0:02:25]} 36. Kxe4
{[%clk 0:03:35]} g6 {[%clk 0:02:29]} 37. g4 {[%clk 0:03:27]} f6 {[%clk 0:02:10]}
38. h4 {[%clk 0:03:18]} Ke6 {[%clk 0:02:15]} 39. Kd4 {[%clk 0:03:09]} Kd6
{[%clk 0:02:16]} 40. Ke4 {[%clk 0:02:41]} Ke5+ 1/2-1/2

[Event "Team Championship (men rapid)"]
[Site "Sochi"]
[Date "2017.10.03"]
[Round "4.24"]
[White "Gogolev, Artem"]
[Black "Zaichikov, Andrey"]
[Result "1-0"]
[LiveChessVersion "1.4.8"]
[BlackElo "2048"]
[WhiteElo "2316"]

1. Nf3 {[%clk 0:15:19]} Nf6 {[%clk 0:15:18]} 2. g3 {[%clk 0:15:27]} g6
{[%clk 0:15:26]} 3. b3 {[%clk 0:15:36]} Bg7 {[%clk 0:15:34]} 4. Bb2
{[%clk 0:15:45]} d6 {[%clk 0:15:34]} 5. d4 {[%clk 0:15:53]} O-O {[%clk 0:15:28]}
6. Bg2 {[%clk 0:16:02]} Nc6 {[%clk 0:14:08]} 7. O-O {[%clk 0:16:07]} e5
{[%clk 0:13:04]} 8. dxe5 {[%clk 0:16:13]} Ng4 {[%clk 0:12:56]} 9. Qc1
{[%clk 0:15:23]} Ngxe5 {[%clk 0:11:29]} 10. Nxe5 {[%clk 0:15:07]} dxe5
{[%clk 0:10:42]} 11. Nc3 {[%clk 0:15:06]} Be6 {[%clk 0:10:03]} 12. Rd1
{[%clk 0:15:13]} Qc8 {[%clk 0:09:35]} 13. Nd5 {[%clk 0:13:28]} Rd8
{[%clk 0:08:12]} 14. c4 {[%clk 0:12:47]} a5 {[%clk 0:05:10]} 15. e3
{[%clk 0:10:22]} Re8 {[%clk 0:04:49]} 16. a3 {[%clk 0:09:19]} Ne7
{[%clk 0:03:46]} 17. b4 {[%clk 0:08:27]} axb4 {[%clk 0:03:03]} 18. axb4
{[%clk 0:08:30]} Rxa1 {[%clk 0:03:10]} 19. Qxa1 {[%clk 0:08:37]} f6
{[%clk 0:02:01]} 20. Qa5 {[%clk 0:08:30]} Bxd5 {[%clk 0:00:31]} 21. cxd5
{[%clk 0:08:14]} Qd7 {[%clk 0:00:28]} 22. Qa7 {[%clk 0:07:15]} Qg4
{[%clk 0:00:19]} 23. Qa4 {[%clk 0:07:08]} Rd8 {[%clk 0:00:26]} 24. h3
{[%clk 0:06:59]} Qe2 {[%clk 0:00:28]} 25. Qb3 {[%clk 0:06:32]} Kh8
{[%clk 0:00:23]} 26. Rc1 {[%clk 0:05:54]} c6 {[%clk 0:00:19]} 27. Bf1
{[%clk 0:04:38]} Qf3 {[%clk 0:00:19]} 28. dxc6 {[%clk 0:04:26]} bxc6
{[%clk 0:00:28]} 29. Qe6 {[%clk 0:04:09]} Nd5 {[%clk 0:00:18]} 30. Qxc6
{[%clk 0:04:01]} Qe4 {[%clk 0:00:12]} 31. Rd1 {[%clk 0:03:37]} Bf8
{[%clk 0:00:11]} 32. Bg2 {[%clk 0:03:32]} Qxb4 {[%clk 0:00:19]} 33. Rxd5
{[%clk 0:03:17]} Rxd5 {[%clk 0:00:21]} 34. Bxd5 {[%clk 0:03:21]} Qxb2
{[%clk 0:00:17]} 35. Qxf6+ {[%clk 0:03:29]} 1-0

[Event "Team Championship (men rapid)"]
[Site "Sochi"]
[Date "2017.10.03"]
[Round "4.25"]
[White "Pogromsky, Mikhail"]
[Black "Moskalenko, Alexander"]
[Result "1/2-1/2"]
[LiveChessVersion "1.4.8"]
[BlackElo "2459"]
[WhiteElo "2524"]

1. Nf3 {[%clk 0:15:18]} Nf6 {[%clk 0:15:15]} 2. c4 {[%clk 0:15:22]} e6
{[%clk 0:15:21]} 3. g3 {[%clk 0:15:23]} d5 {[%clk 0:15:30]} 4. Bg2
{[%clk 0:15:17]} dxc4 {[%clk 0:14:59]} 5. Qa4+ {[%clk 0:15:12]} Nbd7
{[%clk 0:14:29]} 6. Qxc4 {[%clk 0:15:05]} a6 {[%clk 0:14:38]} 7. Qc2
{[%clk 0:14:53]} Bd6 {[%clk 0:13:43]} 8. O-O {[%clk 0:14:04]} O-O
{[%clk 0:13:50]} 9. d4 {[%clk 0:14:06]} c5 {[%clk 0:13:59]} 10. Rd1
{[%clk 0:14:06]} Qc7 {[%clk 0:12:41]} 11. dxc5 {[%clk 0:11:57]} Bxc5
{[%clk 0:12:15]} 12. Be3 {[%clk 0:11:47]} Qb6 {[%clk 0:10:22]} 13. Bxc5
{[%clk 0:11:25]} Nxc5 {[%clk 0:10:27]} 14. Nc3 {[%clk 0:11:17]} Bd7
{[%clk 0:10:21]} 15. Ne5 {[%clk 0:11:12]} Qc7 {[%clk 0:09:27]} 16. Nxd7
{[%clk 0:10:53]} Ncxd7 {[%clk 0:09:35]} 17. Rac1 {[%clk 0:10:18]} Rfc8
{[%clk 0:09:01]} 18. Qd2 {[%clk 0:09:19]} Qb6 {[%clk 0:08:59]} 19. Ne4
{[%clk 0:07:09]} Rxc1 {[%clk 0:06:02]} 20. Rxc1 {[%clk 0:07:02]} Nd5
{[%clk 0:05:09]} 21. Nc3 {[%clk 0:06:36]} N7f6 {[%clk 0:04:52]} 22. Bxd5
{[%clk 0:04:48]} Nxd5 {[%clk 0:04:57]} 23. Nxd5 {[%clk 0:04:56]} exd5
{[%clk 0:05:06]} 24. Qxd5 {[%clk 0:04:42]} Qxb2 {[%clk 0:05:05]} 25. Rc7
{[%clk 0:04:47]} Rf8 {[%clk 0:05:09]} 26. e4 {[%clk 0:04:33]} b5 {[%clk 0:04:50]}
27. Ra7 {[%clk 0:04:11]} Qa3 {[%clk 0:04:36]} 28. e5 {[%clk 0:03:52]} h6
{[%clk 0:04:29]} 29. Kg2 {[%clk 0:03:34]} Qa5 {[%clk 0:03:43]} 30. e6
{[%clk 0:02:44]} fxe6 {[%clk 0:03:43]} 31. Qxe6+ {[%clk 0:02:26]} Kh8
{[%clk 0:03:41]} 32. Qe5 {[%clk 0:00:49]} Rg8 {[%clk 0:03:28]} 33. Qd5
{[%clk 0:00:54]} Qb6 {[%clk 0:02:10]} 34. Qb7 {[%clk 0:00:56]} Qd4
{[%clk 0:01:12]} 35. Rxa6 {[%clk 0:00:31]} Rf8 {[%clk 0:01:15]} 36. f4
{[%clk 0:00:28]} Qd2+ {[%clk 0:00:16]} 37. Kh3 {[%clk 0:00:37]} Qd3
{[%clk 0:00:17]} 38. Ra8 {[%clk 0:00:14]} Qf5+ {[%clk 0:00:25]} 39. Kg2
{[%clk 0:00:16]} Qc2+ {[%clk 0:00:32]} 40. Kh3 {[%clk 0:00:25]} Qf5+
{[%clk 0:00:40]} 41. Kg2 {[%clk 0:00:21]} Qc2+ {[%clk 0:00:49]} 42. Kh3
{[%clk 0:00:30]} Qf5+ {[%clk 0:00:57]} 43. Kg2 {[%clk 0:00:16]} Qc2+
{[%clk 0:01:06]} 44. Kh3 {[%clk 0:00:26]} Qf5+ {[%clk 0:01:14]} 45. Kg2
{[%clk 0:00:35]} Qc2+ {[%clk 0:01:22]} 46. Kh3 {[%clk 0:00:19]} Qf5+
{[%clk 0:01:31]} 47. g4 {[%clk 0:00:18]} Qxf4 {[%clk 0:01:22]} 48. Rxf8+
{[%clk 0:00:26]} Qxf8 {[%clk 0:01:30]} 49. Qxb5 {[%clk 0:00:21]} Qf3+
{[%clk 0:01:35]} 50. Kh4 {[%clk 0:00:30]} Qf2+ {[%clk 0:01:09]} 51. Kh3
{[%clk 0:00:35]} Qf3+ {[%clk 0:01:17]} 52. Kh4 {[%clk 0:00:43]} Qf2+
{[%clk 0:01:25]} 53. Kh3 {[%clk 0:00:17]} Qf3+ {[%clk 0:01:33]} 54. Kh4
{[%clk 0:00:20]} Qf2+ {[%clk 0:01:42]} 55. Kh3 {[%clk 0:00:29]} Qf3+
{[%clk 0:01:34]} 56. Kh4 {[%clk 0:00:38]} Qf2+ {[%clk 0:01:25]} 57. Kh3
{[%clk 0:00:48]} Qf3+ {[%clk 0:01:05]} 58. Kh4 {[%clk 0:00:57]} Qf2+
{[%clk 0:01:09]} 59. Kh3 {[%clk 0:01:06]} Qe3+ {[%clk 0:01:18]} 60. Kg2
{[%clk 0:01:05]} Qd2+ {[%clk 0:01:27]} 1/2-1/2

[Event "Team Championship (men rapid)"]
[Site "Sochi"]
[Date "2017.10.03"]
[Round "4.26"]
[White "Vastrukhin, Oleg"]
[Black "Vokarev, Sergey"]
[Result "1-0"]
[LiveChessVersion "1.4.8"]
[BlackElo "2453"]
[WhiteElo "2508"]

1. Nf3 {[%clk 0:15:15]} Nf6 {[%clk 0:15:17]} 2. g3 {[%clk 0:15:24]} d5
{[%clk 0:15:23]} 3. Bg2 {[%clk 0:15:32]} e6 {[%clk 0:15:31]} 4. O-O
{[%clk 0:15:40]} Be7 {[%clk 0:15:38]} 5. d3 {[%clk 0:15:49]} c5 {[%clk 0:15:38]}
6. Nbd2 {[%clk 0:15:57]} Nc6 {[%clk 0:15:44]} 7. e4 {[%clk 0:16:06]} O-O
{[%clk 0:15:51]} 8. Re1 {[%clk 0:16:12]} b5 {[%clk 0:15:57]} 9. e5
{[%clk 0:16:16]} Nd7 {[%clk 0:16:05]} 10. Nf1 {[%clk 0:16:18]} Qc7
{[%clk 0:16:06]} 11. Bf4 {[%clk 0:16:26]} Bb7 {[%clk 0:16:07]} 12. h4
{[%clk 0:16:34]} Rfc8 {[%clk 0:16:12]} 13. N1h2 {[%clk 0:16:39]} Qd8
{[%clk 0:16:07]} 14. Ng4 {[%clk 0:15:52]} Bf8 {[%clk 0:15:40]} 15. Qd2
{[%clk 0:14:54]} b4 {[%clk 0:15:36]} 16. h5 {[%clk 0:14:42]} h6 {[%clk 0:15:44]}
17. Ngh2 {[%clk 0:14:09]} Nb6 {[%clk 0:08:30]} 18. g4 {[%clk 0:14:12]} c4
{[%clk 0:08:28]} 19. g5 {[%clk 0:13:47]} hxg5 {[%clk 0:06:51]} 20. Bxg5
{[%clk 0:13:52]} Be7 {[%clk 0:06:37]} 21. Ng4 {[%clk 0:13:45]} c3
{[%clk 0:03:39]} 22. bxc3 {[%clk 0:13:52]} bxc3 {[%clk 0:03:47]} 23. Qf4
{[%clk 0:12:48]} Nd7 {[%clk 0:03:14]} 24. h6 {[%clk 0:12:43]} f6 {[%clk 0:01:09]}
25. exf6 {[%clk 0:12:26]} gxf6 {[%clk 0:01:17]} 26. Rxe6 {[%clk 0:12:32]} fxg5
{[%clk 0:01:00]} 27. Rg6+ {[%clk 0:11:32]} Kh8 {[%clk 0:01:09]} 28. Nfe5
{[%clk 0:09:48]} Ndxe5 {[%clk 0:00:35]} 29. Nxe5 {[%clk 0:09:56]} Qf8
{[%clk 0:00:31]} 30. Nf7+ {[%clk 0:10:00]} Kh7 {[%clk 0:00:39]} 31. Qf5
{[%clk 0:10:08]} Qd8 1-0

[Event "Team Championship (men rapid)"]
[Site "Sochi"]
[Date "2017.10.03"]
[Round "4.27"]
[White "Kozlov, Oleg"]
[Black "Oganian, Miran"]
[Result "1/2-1/2"]
[LiveChessVersion "1.4.8"]
[BlackElo "2432"]
[WhiteElo "2356"]

1. c4 {[%clk 0:15:19]} Nf6 {[%clk 0:15:19]} 2. Nf3 {[%clk 0:15:27]} e6
{[%clk 0:15:28]} 3. g3 {[%clk 0:15:36]} d5 4. Bg2 d4 {[%clk 0:15:26]} 5. O-O
{[%clk 0:15:31]} c5 {[%clk 0:15:33]} 6. d3 {[%clk 0:15:44]} Nc6 {[%clk 0:15:39]}
7. a3 {[%clk 0:15:52]} a5 {[%clk 0:15:45]} 8. e3 {[%clk 0:15:49]} Bd6
{[%clk 0:15:41]} 9. exd4 {[%clk 0:15:50]} cxd4 {[%clk 0:15:49]} 10. Bg5
{[%clk 0:15:42]} h6 {[%clk 0:15:36]} 11. Bxf6 {[%clk 0:15:50]} Qxf6
{[%clk 0:15:45]} 12. Nbd2 {[%clk 0:15:59]} Qe7 {[%clk 0:15:26]} 13. Ne4
{[%clk 0:15:05]} Bc7 {[%clk 0:15:23]} 14. Qc2 {[%clk 0:13:07]} O-O
{[%clk 0:15:26]} 15. Rfe1 {[%clk 0:12:35]} e5 {[%clk 0:14:22]} 16. c5
{[%clk 0:08:53]} Be6 {[%clk 0:13:01]} 17. Rac1 {[%clk 0:08:42]} Rfe8
{[%clk 0:12:50]} 18. Nfd2 {[%clk 0:07:58]} f5 {[%clk 0:12:08]} 19. Nd6
{[%clk 0:08:07]} Bxd6 {[%clk 0:12:16]} 20. cxd6 {[%clk 0:08:16]} Qxd6
{[%clk 0:12:25]} 21. Nc4 {[%clk 0:07:26]} Bxc4 {[%clk 0:12:10]} 22. Qxc4+
{[%clk 0:07:35]} Kh7 {[%clk 0:12:03]} 23. Bxc6 {[%clk 0:07:30]} bxc6
{[%clk 0:11:40]} 24. Qxc6 {[%clk 0:07:39]} Qxc6 {[%clk 0:11:23]} 25. Rxc6
{[%clk 0:07:48]} Rab8 {[%clk 0:11:33]} 26. Rc5 {[%clk 0:07:41]} Rxb2
{[%clk 0:11:11]} 27. Rexe5 {[%clk 0:05:55]} Rxe5 {[%clk 0:11:14]} 28. Rxe5
{[%clk 0:06:04]} a4 {[%clk 0:10:58]} 29. Ra5 {[%clk 0:04:02]} Rb3
{[%clk 0:10:54]} 30. Rxa4 {[%clk 0:04:11]} Rxd3 {[%clk 0:11:02]} 31. h4
{[%clk 0:04:18]} h5 {[%clk 0:10:35]} 32. Ra5 {[%clk 0:03:57]} g6 {[%clk 0:10:39]}
33. Ra7+ {[%clk 0:04:05]} Kh6 {[%clk 0:10:46]} 34. Kf1 {[%clk 0:03:57]} f4
{[%clk 0:10:33]} 35. gxf4 {[%clk 0:03:43]} Rf3 {[%clk 0:10:38]} 36. Rf7
{[%clk 0:02:45]} Rxa3 {[%clk 0:10:22]} 37. Kg2 {[%clk 0:02:46]} Rb3
{[%clk 0:03:00]} 38. Rd7 {[%clk 0:02:51]} Rd3 {[%clk 0:03:07]} 39. f3
{[%clk 0:01:15]} Rd1 {[%clk 0:03:13]} 40. Kg3 {[%clk 0:01:19]} d3
{[%clk 0:01:13]} 41. f5 {[%clk 0:01:28]} gxf5 {[%clk 0:01:21]} 42. Kf4
{[%clk 0:01:33]} d2 {[%clk 0:01:24]} 43. Rd3 {[%clk 0:00:31]} Kg6
{[%clk 0:01:03]} 44. Rd6+ {[%clk 0:00:40]} Kg7 {[%clk 0:01:08]} 45. Kxf5
{[%clk 0:00:46]} Rf1 {[%clk 0:01:08]} 46. Rd7+ {[%clk 0:00:52]} Kh6
{[%clk 0:01:06]} 47. Rd6+ {[%clk 0:01:00]} Kg7 {[%clk 0:01:14]} 48. Rxd2
{[%clk 0:01:08]} Rxf3+ {[%clk 0:01:22]} 49. Kg5 {[%clk 0:01:17]} Rf7
{[%clk 0:01:24]} 50. Rd5 {[%clk 0:01:07]} Kh7 {[%clk 0:01:27]} 51. Kxh5
{[%clk 0:01:14]} Rg7 {[%clk 0:01:34]} 52. Rd6 {[%clk 0:01:13]} Ra7
{[%clk 0:01:40]} 53. Rh6+ {[%clk 0:01:19]} Kg7 {[%clk 0:01:49]} 54. Rg6+
{[%clk 0:01:28]} Kh7 {[%clk 0:01:58]} 55. Rg5 {[%clk 0:01:38]} Rg7
{[%clk 0:01:54]} 56. Re5 {[%clk 0:01:38]} Rg1 {[%clk 0:01:16]} 57. Re7+
{[%clk 0:01:47]} Rg7 {[%clk 0:01:23]} 58. Re6 {[%clk 0:01:47]} Ra7
{[%clk 0:01:26]} 59. Kg5 {[%clk 0:01:14]} Ra5+ {[%clk 0:01:29]} 60. Kf6
{[%clk 0:01:22]} Kh6 {[%clk 0:01:02]} 61. Kf7+ {[%clk 0:00:46]} Kh5
{[%clk 0:00:58]} 62. Re4 {[%clk 0:00:53]} Rf5+ {[%clk 0:00:56]} 63. Kg7
{[%clk 0:00:54]} Rf1 {[%clk 0:01:02]} 64. Rd4 {[%clk 0:00:57]} Rf2
{[%clk 0:01:08]} 1/2-1/2